| 000 | 00531cam a2200217ua 4500 | ||
|---|---|---|---|
| 020 | _c3.25 | ||
| 041 |
_amal _h |
||
| 082 |
_a625.7 _bJAA/GR |
||
| 100 | _aJaahne, Johannes. | ||
| 245 |
_aGramapathakal / _cJohannes Jaahne. _hTextual Documents |
||
| 260 |
_aThiruvananthapuram : _bState Instititute of Languages , _c1976. |
||
| 300 | _a92 ; . | ||
| 365 | _a3.25 | ||
| 504 | _a | ||
| 942 | _cBK | ||
| 999 |
_c4619 _d4619 |
||